LEADER 01360nam a2200289 i 4500 001 000000165602 003 CaOOAMICUS 005 20071022000000.0 008 071022s1932 it u000 u ita u 013 $a142970 040 $aSeMil$bita 100 1 $aMartinotti, Pietro.$0(OLS)http://semarc/name/39350 245 10$a2 /$c[saggi di Pietro Martinotti]. 260 $aMilano :$bVita e Pensiero,$c1932. 300 $aV, 145 p. 490 0 $aPubblicazioni della Università Cattolica del Sacro Cuore. Ser. 8., Statistica ;$vVol.5. 490 0 $aPubblicazioni della Università Cattolica del Sacro Cuore 650 4$aStatistica.$0(OLS)http://semarc/subject/2949 650 4$aMatematica finanziaria.$0(OLS)http://semarc/subject/31418 773 0 $tContributi del laboratorio di statistica.$dMilano : Vita e Pensiero, 1928-1948.$gSerie2$w()18600 830 0$aPubblicazioni della Università Cattolica del Sacro Cuore. Ser. 8., Statistica ;$vVol.5.$0(OLS)http://semarc/title/16524 830 0$aPubblicazioni della Università Cattolica del Sacro Cuore.$0(OLS)http://semarc/title/22052 850 $aSeMil 852 $aSeMil$W1$xVenegono$y1$m3W V 324$j116789$B116789$CSeMilBibl$Z2$F128204 $81 961 $aRecupero: Altro 996 $6245$a2$9(OLS)http://semarc/title/46890 996 $6260$aMilano :$bVita e Pensiero$9(OLS)http://semarc/publisher/29642 LEADER 01163nam a2200289 i 4500 001 000000080737 003 CaOOAMICUS 005 20180606000000.0 008 180606s2015 it u000 u ita u 013 $a52975 020 $a978-88-10-80889-4 040 $aSeMil$bita 100 1 $aCattorini, Paolo Marino,$d<1956- >.$0(OLS)http://semarc/name/115274 245 10$aFrasi di famiglia :$bil linguaggio della vita domestica /$cPaolo Cattorini. 260 $aBologna :$bEDB,$ccopyr. 2015. 300 $a77 p. ;$c17 cm. 490 0 $aMeditazioni 500 $aIn preliminari : Dedica. - Dono del Card. Angelo Scola. 650 4$aFamiglia - Comunicazione.$0(OLS)http://semarc/subject/15057 830 0$aMeditazioni.$0(OLS)http://semarc/title/6156 850 $aSeMil 852 $aSeMil$W1$xVenegono$y1$m1A I 239$j46144$B46144$CSeMilBibl$Z2$F48334 $81 941 1 $a6 961 $aOmaggio: Scola Card. Angelo 996 $6020$a978-88-10-80889-4$9(OLS)http://semarc/number/270845 996 $6245$aFrasi di famiglia :$bil linguaggio della vita domestica$9(OLS)http://semarc/title/404118 996 $6260$aBologna :$bEDB$9(OLS)http://semarc/publisher/29669